000
00244nam a2200097Ia 4500
001
775399
005
20250826165829.0
008
250824s9999 xx 000 0 und d
245
0
_a
VATAN YAHUT SİLİSTRE
_c
NAMIK KEMAL
260
_b
ANONİM YAYINLARI
999
_c
775399
_d
775399